| 000 | 02123nam a22003735a 4500 | ||
|---|---|---|---|
| 005 | 20090528122430.0 | ||
| 008 | 090429s2009 ii ab b 001 0 eng | ||
| 010 | _aENG-93779 | ||
| 020 |
_a0195699343 _c695.00 |
||
| 020 |
_a9780195699340 _c695.00 |
||
| 035 | _aEN-77312 | ||
| 035 | _aB-360919-922 | ||
| 037 | _bDBAD / PUB | ||
| 037 | _bUppal Book Store | ||
| 040 |
_adpl _bEnglish |
||
| 082 | _a954.0842092 | ||
| 100 | _aDatta, Nonica. | ||
| 245 |
_aViolence, martyrdom, and partition : _ba daughter's testimony / _cby Nonica Datta |
||
| 260 |
_aNew Delhi _bOxford University Press _c2009 |
||
| 270 |
_aYMCA Library Building, Jai Singh Road, _bNew Delhi _e110001 |
||
| 300 |
_axv, 235 p. : _bill., 1 folded map ; _c23cm(Hb) |
||
| 500 | _aIncludes glossary and index | ||
| 600 |
_aSubhāshiṇī, _d1914-2003. |
||
| 651 |
_aIndia _xHistory _yPartition, 1947. |
||
| 651 |
_aIndia _xEthnic relations. |
||
| 651 |
_aHaryana (India) _xHistory _y20th century. |
||
| 942 |
_2ddc _cEN _mDAT _h954.0842092 |
||
| 999 |
_c26887 _d26887 |
||